Indian Art and Culture/ (Record no. 213985)

MARC details
000 -LEADER
fixed length control field 00657nam a22002057a 4500
005 - DATE AND TIME OF LATEST TRANSACTION
control field 20260101144254.0
010 ## - LCCN (DPL NO)
LC control number ENG-147377
020 ## - INTERNATIONAL STANDARD BOOK NUMBER
International Standard Book Number 9789364448796
Terms of availability 975.00
035 ## - SYSTEM CONTROL NUMBER
System control number EN-130909
037 ## - SOURCE OF ACQUISITION
Source of stock number/acquisition DBAD
082 ## - DEWEY DECIMAL CLASSIFICATION NUMBER
Classification number 709.954
Edition number 1
100 ## - MAIN ENTRY--PERSONAL NAME
Personal name Singhania, Nitin
245 ## - TITLE STATEMENT
Title Indian Art and Culture/
Statement of responsibility, etc Nitin Singhania
250 ## - EDITION STATEMENT
Edition statement 6
260 ## - PUBLICATION, DISTRIBUTION, ETC. (IMPRINT)
Place of publication, distribution, etc Chennai
Name of publisher, distributor, etc McGraw Hill Education Private Limited
Date of publication, distribution, etc 2025
270 ## - ADDRESS
City Chennai
Address Anjana Complex No. 5/90 A, Butt Road, St Thomas Mount
Postal code 600016
300 ## - PHYSICAL DESCRIPTION
Extent 542p.
Dimensions 24cm(pb)
500 ## - GENERAL NOTE
General note For Civil Services and other Competitive Examinations
942 ## - ADDED ENTRY ELEMENTS (KOHA)
Source of classification or shelving scheme Dewey Decimal Classification
Item type English Books
Classification part 709.954
Call number suffix SIN
Holdings
Withdrawn status Lost status Not for loan Collection code Home library Current library Date acquired Source of acquisition Cost, normal purchase price Full call number Barcode Copy number Cost, replacement price Koha item type
      Non-fiction Bawana Bawana 01/01/2026 Delivery of Books Act Division 975.00 709.954 SIN EN-130909 1 975.00 English Books

© Delhi Public Library
Hit Counter
free hit counter